Para comprender el ecumenismo

محفوظ في:
التفاصيل البيبلوغرافية
المؤلف الرئيسي: Bosch Navarro, Juan (مؤلف)
التنسيق: كتاب
اللغة:الإسبانية
منشور في: Pamplona Verbo Divino 1991
الموضوعات:
الوسوم: إضافة وسم
لا توجد وسوم, كن أول من يضع وسما على هذه التسجيلة!

MARC

LEADER 00000nam a2200000 a 4500
001 UCJ1955
003 CL-VaPUC
008 061124e19910000SP |||||||||||||||||spa|d
020 |a 8471517256 
082 0 4 |a 280.042  |b BOS  |2 21 
100 0 |a Bosch Navarro, Juan  |e author  |9 502789 
245 1 0 |a Para comprender el ecumenismo 
300 |a 231 p 
942 |c BK 
945 |d 20061124 00:00:00  |a cmena 
260 |a Pamplona  |b Verbo Divino  |c 1991 
650 0 |a Ecumenismo  |9 255639 
650 0 |a Documentos pontificios   |9 255642 
650 0 |a Eclesiología   |9 366152 
583 |a last modification  |c 20130402 09:27:17  |k Rodrigo Vera 
999 |c 318384  |d 318382 
952 |0 0  |1 0  |4 0  |6 280_042000000000000_BOS_1991  |7 0  |8 A  |9 396156  |a BIBTEO  |b BIBTEO  |d 2019-11-22  |i 426665K  |l 1  |m 1  |o 280.042 BOS 1991  |p 426665K  |r 2025-01-17  |s 2024-05-03  |w 2019-11-22  |y BK  |k ICR